000 00415nam a2200193Ia 4500
003 0100
008 130303s9999 xx 000 0 und d
040 _cARRUPELIB
050 _aBX3703.R332
100 _aHanvey, James
245 _aReflecting on our way
260 _aLondon
260 _bJesuits
260 _Cno date
300 _a90p.
300 _b 21cm.
650 _bRenaissance
942 _2lcc
_01
999 _c67334
_d67334